Quizzes
Events
Quiz Creation
Community
Videos
Private Events
Remove Ads
Sign In
Join for FREE
Feedback
Dark Mode
Quiz Categories
Sports
Geography
Music
Movies
Television
Just For Fun
Miscellaneous
History
Literature
Language
Science
Gaming
Entertainment
Religion
Holiday
For Kids
Quiz Lab
Recent
Popular Today
Quiz Kudos Today
Editor Picks
Curator Picks
Quizzes by...
Day
Popularity
Type
Ratings
Length
Year
Community
Subscriptions
Recent Discussions
Orange Saloon
Badges
Playlists
Quests
Create
Leaderboards
Showdown
Live 5
Trivia Bingo
Activity
Puzzle Library
Sporcle Events
Private Events
Virtual Trivia
Globe League
Become a Host
Pub Owners
SporcleCon
Opinionation
Our Games
Videos
Blog
Mobile Apps
Partnerships
Remove Ads and Go Orange
Feedback
Movies
Disney
Marvel Cinematic Universe
Movie Resume
Movie Titles
Oscar
Actor
Actress
Director
Pixar
Role
Movie Quotes
Movie Characters
Box Office
Nominee
Best Picture
Star Wars
James Bond
Horror Movies
Movies
Disney
Marvel Cinematic Universe
Movie Resume
Movie Titles
Oscar
Actor
Actress
Director
Pixar
Role
Movie Quotes
Movie Characters
Box Office
Nominee
Best Picture
Star Wars
James Bond
Horror Movies
Random Quiz
Search Sporcle
×
Quiz Lab
Quiz Lab
Movies
James Bond
Type in answers that appear in a list
Type in answers that appear in a list
Classic
Best Score? Go Orange.
James Bond Film by Quote Stats
Can you name the James Bond Film by Quote?
By
jlpoehlman
10m
23 Questions
303 Plays
303 Plays
303 Plays
Comments
Comments
Give Quiz Kudos
Give Quiz Kudos
-
- Ratings
hide this ad
Forced Order
Answers have to be entered in order
Answers have to be entered in order
Random Order
Randomize order of answers
Randomize order of answers
Replay
Link that replays current quiz
Next Quiz
Link to next quiz in quiz playlist
You Got
0%
They Got
Avg Score
82%
Avg Friend Score
Upgrade to see
Score Distribution
Jump to the score distribution portion of the page
Score
0/23
Timer
10:00
0
Plays Today
Line
Film
% Correct
Manners, Oddjob. I thought you always took your hat off to a lady.
Goldfinger
93.1%
Tee-
Hee, on the first wrong answer from Miss Solitaire, you will snip the little finger of Mr. Bond's right hand.
Live and Let Die
92.1%
Curious... how everyone who touches those diamonds seems to die.
Diamonds Are Forever
91.7%
James Bond. Allow me to introduce myself. I am Ernst Stavro Blofeld. They told me you were assassinated in Hong Kong.
You Only Live Twice
90.1%
You forgot the first rule of mass media, Elliot! GIVE THE PEOPLE WHAT THEY WANT!
Tomorrow Never Dies
90.1%
My God, what's Bond doing?....I think he's attempting re-
entry, sir.
Moonraker
89.4%
It's all right. It's quite all right, really. She's having a rest. We'll be going on soon. There's no hurry, you see. We have all the time in the world.
On Her Majesty's Secret Service
88.8%
I chose to model the disgusting Gustav Graves on you.
Die Another Day
88.8%
Mmm, maybe I misjudged Stromberg. Any man who drinks Dom Perignon '52 can't be all bad.
The Spy Who Loved Me
88.4%
Do you see what comes of all this running around, Mr. Bond? All this jumping and fighting, it's exhausting! Relax. You need to relax... Ah well, mother's calling. I will give her a
Skyfall
88.2%
Double-
0 seven on an island populated exclusively by women? We won't see him till dawn!
Octopussy
87.5%
I think you're a sexist, misogynist dinosaur. A relic of the Cold War, whose boyish charms, though wasted on me, obviously appealed to that young woman I sent out to evaluate you.
Goldeneye
87.1%
Line
Film
% Correct
Effective immediately, your licence to kill is revoked, and I require you to hand over your weapon. Now.
Licence to Kill
85.5%
My orders are to kill you and deliver the Lektor. How I do it is my business. It'll be slow and painful.
From Russia with Love
84.8%
Stuff my orders! I only kill professionals. That girl didn't know one end of a rifle from the other. Go ahead. Tell M what you want. If he fires me, I'll thank him for it.
The Living Daylights
83.2%
Captain to all units: Intercept murder suspect in a stolen fire truck. He MAY be armed... and he's SURE dangerous!
A View to a Kill
82.2%
Do you mind if my friend sits this one out? She's just dead.
Thunderball
81.8%
I'm the money.
Casino Royale
79.9%
You see, Mr Bond, like all great artists I want to create one indisputable masterpiece: the death of 007.
The Man with the Golden Gun
78.9%
Mr Bond! We can do a deal! I'll buy you a delicatessen! In stainless steel!
For Your Eyes Only
75.9%
I never miss...
The World Is Not Enough
72.6%
When you carry a 00 number is means you have a license to kill, not get killed.
Dr. No
70.6%
When someone says 'We've got people everywhere', you expect it to be hyperbole! Lots of people say that. Florists use that expression.
Quantum of Solace
69%
Quiz Playlist
Details
Report
Send in Message
Add To Playlist
Classic:
Type in answers that appear in a list
Forced Order:
Answers have to be entered in order
Random Order:
Randomize order of answers
Last Updated: Feb 16, 2017
Quiz Scoreboard
CHALLENGE
Sign Up to Join the Scoreboard
Show All
Scores
Hide
Comments
May contain spoilers
Recently Published
Presidents Visiting Landmarks
by Hejman
History
7m
An Introduction to Baseball
by treessimontrees
Sports
5m
Movies - When Are They Set?
by FPL_Elf
Movies
5m
More to Explore
Quiz From the Vault
Featured Blog Post
Where Did the Easter Bunny Come From?
hide this ad
You Might Also Like...
Tags
James Bond Quiz
Quote Quiz
bond
same
Today's Top Quizzes in Movies
Browse Movies
hide this ad
Today's Top Quizzes in James Bond
Browse James Bond
Top Contributed Quizzes in Movies
1
Pick 5 Posters: Directed by Spielberg
2
Pick 5 Posters: Lowest-Rated Spielberg
3
7-to-1: Pixar Characters
4
Multi-Oscar Nominations, One Movie, One Winner
5
Pick 5 Posters: Directed by Scorsese
6
12 Movies about Fictional 1960s Events
7
Pick 5 Posters: Star & Director
8
Sorting Actors
9
Sorting Actresses
10
One Thing in Common: Movies
Explore More
Trending Topics
NBA
Crossword
Harry Potter
Marvel
Anime
Disney
Kpop
Soccer
Country
Puzzle
Song
WWE
The Office
NFL
Pokémon
hide this ad
More By:
jlpoehlman
Quiz
Plays
Rating
Category
Featured
Created
Movies by first line
435
3.86
Movies
Feb 11, 2011
James Bond Film by Quote
303
4.67
Movies
Oct 12, 2011
World Baseball Classic-US roster-2009
179
5.00
Sports
Feb 11, 2011
Go to Creator's Profile
Score Distribution
Quiz Creator Spotlight
jlpoehlman
Follow
Send a Message
Quizzes Created
-
Created Quiz Play Count
-
More By This Creator
Popular Quizzes Today
1
Find the US States - No Outlines Minefield
2
Find the Countries of Europe - No Outlines Minefield
3
The Countries of the World
4
Popular People in 1961
5
Find the US States
6
US States
7
Risky Map Clicking: Biggest States A-Z
8
1-10 Letter E Words III
More Movies Quizzes
Missing Word Slideshow: -ing Movie Titles
Editor's Pick
Trending Quizzes
Risky Map Clicking: Least Populous States A-Z
1-10 Letter G Words
1-10 Letter F Words
One Thing in Common: United Kingdom
Risky Map Clicking: Next State Alphabetically
Recently Updated
Leaping Animals
pecheneg
Reality TV Shows (A-Z)
bhenderson79
Rickey Henderson's Hall of Fame Teammates
pecheneg
Champions League XIs: Arsenal
pecheneg
Quick Pick: Celebrities in WWE's Hall of Fame
aduchscher
A-Z Keypad Blitz II
pecheneg
Multiple Oscar Actors
pecheneg
Mystery Phrase Blitz: Oscar 'Best Actors'
pecheneg
F. Scott Fitzgerald Novels
LTH
Pick 3 Villains
ddd62291
Trending Topics
Marvel
Crossword
Harry Potter
Disney
Kpop
Anime
NBA
Country
Pokémon
Song
Soccer
The Office
NFL
Puzzle
WWE
Your Account Isn't Verified!
In order to create a playlist on Sporcle, you need to verify the email address you used during registration. Go to your
Sporcle Settings
to finish the process.
Report this User
Report this user for behavior that violates our
Community Guidelines
.
Details:
Send Report
Go to the Sporcle.com Mobile Site →
Comments